[Event "Top 12 2021"]
[Site "Chalons en Champagne, France"]
[Date "2021.07.04"]
[Round "11.46"]
[White "Milliet, Sophie GRA"]
[Black "Velten, Paul CHA"]
[Result "1/2-1/2"]
[WhiteElo "2407"]
[BlackElo "2482"]

1. e4 {[%clk 01:30:56]} {[%emt 00:00:03]} e6 {[%clk 01:30:25]} {[%emt
00:00:34]} 2. d4 {[%clk 01:31:19]} {[%emt 00:00:08]} d5 {[%clk 01:30:29]}
{[%emt 00:00:26]} 3. Nc3 {[%clk 01:31:45]} {[%emt 00:00:05]} Bb4 {[%clk
01:29:00]} {[%emt 00:01:58]} 4. exd5 {[%clk 01:30:14]} {[%emt 00:02:03]} exd5
{[%clk 01:28:26]} {[%emt 00:01:03]} 5. Bd3 {[%clk 01:30:39]} {[%emt 00:00:06]}
Nc6 {[%clk 01:24:35]} {[%emt 00:04:19]} 6. Nf3 {[%clk 01:31:01]} {[%emt
00:00:09]} Nge7 {[%clk 01:15:40]} {[%emt 00:09:24]} 7. O-O {[%clk 01:30:56]}
{[%emt 00:00:36]} Bxc3 {[%clk 01:14:49]} {[%emt 00:01:21]} 8. bxc3 {[%clk
01:31:21]} {[%emt 00:00:05]} O-O {[%clk 01:15:00]} {[%emt 00:00:18]} 9. c4
{[%clk 01:25:07]} {[%emt 00:06:45]} Nb4 {[%clk 01:09:04]} {[%emt 00:06:25]} 10.
Ba3 {[%clk 01:16:35]} {[%emt 00:09:03]} Nxd3 {[%clk 01:08:17]} {[%emt
00:01:17]} 11. Qxd3 {[%clk 01:16:58]} {[%emt 00:00:08]} dxc4 {[%clk 01:07:48]}
{[%emt 00:00:58]} 12. Qxc4 {[%clk 01:17:23]} {[%emt 00:00:05]} Be6 {[%clk
01:07:14]} {[%emt 00:01:03]} 13. Qd3 {[%clk 01:10:37]} {[%emt 00:07:17]} Re8
{[%clk 01:02:57]} {[%emt 00:04:47]} 14. c4 {[%clk 01:04:22]} {[%emt 00:06:46]}
Ng6 {[%clk 01:00:56]} {[%emt 00:02:30]} 15. Rfe1 {[%clk 00:48:01]} {[%emt
00:16:51]} Nf4 {[%clk 00:53:18]} {[%emt 00:08:07]} 16. Qb3 {[%clk 00:39:52]}
{[%emt 00:08:39]} Qf6 {[%clk 00:47:33]} {[%emt 00:06:14]} 17. Ne5 {[%clk
00:38:59]} {[%emt 00:01:25]} Rab8 {[%clk 00:34:52]} {[%emt 00:13:10]} 18. Qf3
{[%clk 00:37:21]} {[%emt 00:02:08]} b5 {[%clk 00:33:46]} {[%emt 00:01:37]} 19.
Re4 {[%clk 00:32:15]} {[%emt 00:05:36]} Ng6 {[%clk 00:29:34]} {[%emt 00:04:42]}
20. Qxf6 {[%clk 00:31:29]} {[%emt 00:01:16]} gxf6 {[%clk 00:29:58]} {[%emt
00:00:05]} 21. Nxg6 {[%clk 00:30:57]} {[%emt 00:01:03]} hxg6 {[%clk 00:29:54]}
{[%emt 00:00:33]} 22. d5 {[%clk 00:29:59]} {[%emt 00:01:29]} Bd7 {[%clk
00:28:55]} {[%emt 00:01:29]} 1/2-1/2

[Event "Top 12 2021"]
[Site "Chalons en Champagne, France"]
[Date "2021.07.04"]
[Round "11.47"]
[White "David, Alberto CHA"]
[Black "Debray, Christopher GRA"]
[Result "1-0"]
[WhiteElo "2527"]
[BlackElo "2367"]

1. e4 {[%clk 01:30:53]} {[%emt 00:00:06]} e5 {[%clk 01:30:47]} {[%emt
00:00:13]} 2. Nf3 {[%clk 01:31:15]} {[%emt 00:00:07]} Nf6 {[%clk 01:31:15]}
{[%emt 00:00:03]} 3. d4 {[%clk 01:31:30]} {[%emt 00:00:15]} exd4 {[%clk
01:31:37]} {[%emt 00:00:08]} 4. e5 {[%clk 01:31:33]} {[%emt 00:00:27]} Ne4
{[%clk 01:32:04]} {[%emt 00:00:03]} 5. Qxd4 {[%clk 01:31:33]} {[%emt 00:00:30]}
d5 {[%clk 01:32:32]} {[%emt 00:00:02]} 6. exd6 {[%clk 01:30:45]} {[%emt
00:01:19]} Nxd6 {[%clk 01:32:59]} {[%emt 00:00:03]} 7. Bd3 {[%clk 01:16:00]}
{[%emt 00:15:14]} Nc6 {[%clk 01:33:15]} {[%emt 00:00:14]} 8. Qf4 {[%clk
01:16:24]} {[%emt 00:00:05]} g6 {[%clk 01:30:40]} {[%emt 00:03:05]} 9. O-O
{[%clk 01:13:57]} {[%emt 00:02:58]} Bg7 {[%clk 01:31:08]} {[%emt 00:00:02]} 10.
Re1+ {[%clk 01:08:21]} {[%emt 00:06:06]} Be6 {[%clk 01:31:35]} {[%emt
00:00:03]} 11. Nc3 {[%clk 01:05:54]} {[%emt 00:02:56]} O-O {[%clk 01:31:45]}
{[%emt 00:00:21]} 12. Be3 {[%clk 01:05:17]} {[%emt 00:01:06]} Re8 {[%clk
01:13:12]} {[%emt 00:19:03]} 13. Rad1 {[%clk 01:03:27]} {[%emt 00:02:20]} Qf6
{[%clk 00:56:11]} {[%emt 00:17:31]} 14. Qa4 {[%clk 01:01:46]} {[%emt 00:02:11]}
h6 {[%clk 00:42:04]} {[%emt 00:14:37]} 15. Bf4 {[%clk 00:50:41]} {[%emt
00:11:35]} a6 {[%clk 00:32:53]} {[%emt 00:09:41]} 16. Bxd6 {[%clk 00:44:05]}
{[%emt 00:07:05]} cxd6 {[%clk 00:33:13]} {[%emt 00:00:11]} 17. Be4 {[%clk
00:44:01]} {[%emt 00:00:34]} Rac8 {[%clk 00:19:08]} {[%emt 00:14:36]} 18. Rxd6
{[%clk 00:37:54]} {[%emt 00:06:36]} Ne5 {[%clk 00:12:09]} {[%emt 00:07:29]} 19.
Nxe5 {[%clk 00:29:01]} {[%emt 00:09:22]} Qxe5 {[%clk 00:12:36]} {[%emt
00:00:03]} 20. Rdd1 {[%clk 00:29:22]} {[%emt 00:00:10]} Bf5 {[%clk 00:10:57]}
{[%emt 00:02:09]} 21. Re3 {[%clk 00:16:43]} {[%emt 00:13:09]} b5 {[%clk
00:02:42]} {[%emt 00:08:45]} 22. Qb3 {[%clk 00:14:13]} {[%emt 00:03:00]} Rxc3
{[%clk 00:01:14]} {[%emt 00:01:58]} 23. bxc3 {[%clk 00:14:28]} {[%emt
00:00:15]} Bxe4 {[%clk 00:01:42]} {[%emt 00:00:02]} 24. Rde1 {[%clk 00:14:42]}
{[%emt 00:00:16]} Qg5 {[%clk 00:00:34]} {[%emt 00:01:39]} 25. g3 {[%clk
00:12:01]} {[%emt 00:03:10]} Qf5 {[%clk 00:00:39]} {[%emt 00:00:25]} 26. f3
{[%clk 00:12:27]} {[%emt 00:00:04]} Qc5 {[%clk 00:00:34]} {[%emt 00:00:35]} 27.
Kf1 {[%clk 00:05:53]} {[%emt 00:07:04]} Qf5 {[%clk 00:01:01]} {[%emt 00:00:02]}
28. Kg2 {[%clk 00:06:20]} {[%emt 00:00:03]} Bxf3+ {[%clk 00:00:35]} {[%emt
00:00:57]} 29. Rxf3 {[%clk 00:06:45]} {[%emt 00:00:04]} Qxf3+ {[%clk 00:00:48]}
{[%emt 00:00:17]} 30. Kxf3 {[%clk 00:07:11]} {[%emt 00:00:04]} Rxe1 {[%clk
00:01:16]} {[%emt 00:00:02]} 31. c4 {[%clk 00:06:18]} {[%emt 00:01:23]} Re5
{[%clk 00:01:27]} {[%emt 00:00:19]} 32. cxb5 {[%clk 00:01:15]} {[%emt
00:05:33]} Rxb5 {[%clk 00:01:56]} {[%emt 00:00:02]} 33. Qa4 {[%clk 00:01:16]}
{[%emt 00:00:28]} Rf5+ {[%clk 00:02:21]} {[%emt 00:00:05]} 34. Ke4 {[%clk
00:00:40]} {[%emt 00:01:06]} Re5+ {[%clk 00:02:23]} {[%emt 00:00:28]} 35. Kd3
{[%clk 00:00:41]} {[%emt 00:00:28]} Rd5+ {[%clk 00:02:05]} {[%emt 00:00:48]} 36.
Ke2 {[%clk 00:01:04]} {[%emt 00:00:07]} Re5+ {[%clk 00:02:21]} {[%emt
00:00:15]} 37. Kd2 {[%clk 00:00:53]} {[%emt 00:00:40]} a5 {[%clk 00:02:25]}
{[%emt 00:00:27]} 38. Qd7 {[%clk 00:00:50]} {[%emt 00:00:32]} h5 {[%clk
00:01:21]} {[%emt 00:01:35]} 39. Kd3 {[%clk 00:00:50]} {[%emt 00:00:30]} Bf8
{[%clk 00:01:03]} {[%emt 00:00:48]} 40. c3 {[%clk 00:30:51]} {[%emt 00:00:30]}
Rf5 {[%clk 00:30:41]} {[%emt 00:00:53]} 41. a4 {[%clk 00:29:27]} {[%emt
00:01:53]} Kg7 {[%clk 00:24:43]} 42. Qc7 {[%clk 00:23:50]} {[%emt 00:12:35]}
Kh7 {[%clk 00:18:45]} 43. Ke4 {[%clk 00:21:20]} {[%emt 00:09:28]} Kg8 {[%clk
00:18:17]} {[%emt 00:04:41]} 44. h3 {[%clk 00:17:57]} 1-0

[Event "Top 12 2021"]
[Site "Chalons en Champagne, France"]
[Date "2021.07.04"]
[Round "11.48"]
[White "Janzelj, Lara GRA"]
[Black "Alexieva, Silvia CHA"]
[Result "0-1"]
[WhiteElo "2185"]
[BlackElo "2271"]

1. d4 {[%clk 01:30:57]} {[%emt 00:00:02]} Nf6 {[%clk 01:30:53]} {[%emt
00:00:07]} 2. c4 {[%clk 01:31:21]} {[%emt 00:00:06]} e6 {[%clk 01:31:15]}
{[%emt 00:00:09]} 3. g3 {[%clk 01:31:41]} {[%emt 00:00:10]} d5 {[%clk
01:31:24]} {[%emt 00:00:21]} 4. Bg2 {[%clk 01:32:04]} {[%emt 00:00:06]} Be7
{[%clk 01:27:47]} {[%emt 00:04:07]} 5. Nf3 {[%clk 01:32:25]} {[%emt 00:00:09]}
O-O {[%clk 01:28:12]} {[%emt 00:00:04]} 6. O-O {[%clk 01:32:40]} {[%emt
00:00:15]} b6 {[%clk 01:27:48]} {[%emt 00:00:55]} 7. Nc3 {[%clk 01:31:18]}
{[%emt 00:01:52]} Bb7 {[%clk 01:26:13]} {[%emt 00:02:04]} 8. Qc2 {[%emt
00:01:30]} Nbd7 {[%emt 00:03:04]} 9. Rd1 {[%clk 01:22:36]} {[%emt 00:08:19]}
Rc8 {[%clk 01:13:55]} {[%emt 00:10:07]} 10. b3 {[%clk 01:18:26]} {[%emt
00:04:39]} a6 {[%clk 01:12:22]} {[%emt 00:02:03]} 11. Bb2 {[%clk 01:17:51]}
{[%emt 00:01:06]} c5 {[%clk 01:05:34]} {[%emt 00:07:18]} 12. cxd5 {[%clk
01:12:24]} {[%emt 00:05:57]} exd5 {[%clk 01:03:34]} {[%emt 00:02:30]} 13. Qf5
{[%clk 01:10:32]} {[%emt 00:02:22]} g6 {[%clk 00:58:23]} {[%emt 00:05:41]} 14.
Qf4 {[%clk 01:07:11]} {[%emt 00:03:50]} Qc7 {[%clk 00:53:52]} {[%emt 00:05:02]}
15. Qd2 {[%clk 01:04:12]} {[%emt 00:03:29]} Rfd8 {[%clk 00:51:10]} {[%emt
00:03:12]} 16. Rac1 {[%clk 01:04:06]} {[%emt 00:00:37]} Nf8 {[%clk 00:44:27]}
{[%emt 00:07:13]} 17. dxc5 {[%clk 01:02:53]} {[%emt 00:01:43]} bxc5 {[%clk
00:44:34]} {[%emt 00:00:23]} 18. Na4 {[%clk 01:02:53]} {[%emt 00:00:30]} Ne4
{[%clk 00:41:42]} {[%emt 00:03:22]} 19. Qh6 {[%clk 01:01:51]} {[%emt 00:01:32]}
Ne6 {[%clk 00:41:48]} {[%emt 00:00:24]} 20. h4 {[%clk 00:54:39]} {[%emt
00:07:43]} Bf8 {[%clk 00:38:39]} {[%emt 00:03:39]} 21. Qe3 {[%clk 00:54:54]}
{[%emt 00:00:14]} Bc6 {[%clk 00:36:48]} {[%emt 00:02:22]} 22. Bh3 {[%clk
00:50:35]} {[%emt 00:04:49]} f5 {[%clk 00:31:17]} {[%emt 00:06:01]} 23. Be5
{[%clk 00:46:50]} {[%emt 00:04:15]} Qb7 {[%clk 00:29:03]} {[%emt 00:02:44]} 24.
Nb2 {[%clk 00:42:55]} {[%emt 00:04:25]} Bb5 {[%clk 00:27:57]} {[%emt 00:01:36]}
25. Rc2 {[%clk 00:41:52]} {[%emt 00:01:33]} d4 {[%clk 00:27:33]} {[%emt
00:00:53]} 26. Qc1 {[%clk 00:42:03]} {[%emt 00:00:19]} Nc3 {[%clk 00:27:24]}
{[%emt 00:00:40]} 27. Rxc3 {[%clk 00:39:51]} {[%emt 00:02:43]} dxc3 {[%clk
00:27:43]} {[%emt 00:00:11]} 28. Rxd8 {[%clk 00:37:53]} Rxd8 {[%clk 00:27:30]}
{[%emt 00:03:09]} 29. Bxc3 Bxe2 {[%clk 00:26:45]} 30. Ne5 {[%clk 00:37:29]}
{[%emt 00:00:52]} Nd4 {[%clk 00:23:55]} {[%emt 00:03:20]} 31. Bg2 {[%clk
00:33:08]} {[%emt 00:04:51]} Bf3 {[%clk 00:20:20]} {[%emt 00:04:04]} 32. Bxf3
{[%clk 00:29:20]} {[%emt 00:04:18]} Nxf3+ {[%clk 00:20:39]} {[%emt 00:00:11]}
33. Nxf3 {[%clk 00:29:43]} {[%emt 00:00:07]} Qxf3 {[%clk 00:21:05]} {[%emt
00:00:05]} 34. Bf6 {[%clk 00:29:19]} {[%emt 00:00:53]} Rd6 {[%clk 00:18:56]}
{[%emt 00:02:38]} 35. Be5 {[%clk 00:29:24]} {[%emt 00:00:26]} Rd5 {[%clk
00:19:05]} {[%emt 00:00:21]} 36. Bf6 {[%clk 00:28:26]} {[%emt 00:01:28]} Bg7
{[%clk 00:15:57]} {[%emt 00:03:38]} 37. Bxg7 {[%clk 00:28:47]} {[%emt
00:00:09]} Kxg7 {[%clk 00:16:26]} {[%emt 00:00:02]} 38. Qc4 {[%clk 00:27:28]}
{[%emt 00:01:48]} Rd2 {[%clk 00:11:59]} {[%emt 00:04:57]} 39. Qxc5 {[%clk
00:26:40]} {[%emt 00:01:18]} Kh6 {[%clk 00:11:11]} {[%emt 00:01:19]} 40. Qf8+
{[%clk 00:56:02]} {[%emt 00:01:08]} Kh5 {[%clk 00:41:17]} {[%emt 00:00:24]} 0-1